Vulcanized rubbers- Determination of compression set under constant deflection at low tempeatures (Record no. 74032)

MARC details
000 -LEADER
fixed length control field 00435nam a2200133Ia 4500
245 #0 - TITLE STATEMENT
Title Vulcanized rubbers- Determination of compression set under constant deflection at low tempeatures
260 ## - PUBLICATION, DISTRIBUTION, ETC. (IMPRINT)
Place of publication Switzerland
260 ## - PUBLICATION, DISTRIBUTION, ETC. (IMPRINT)
Year of publication 1975
Name of publisher International Organization for Standards
490 ## - SERIES STATEMENT
Series statement Rubber
500 ## - GENERAL NOTE
General note Standard number: ISO 1653
650 ## - SUBJECT ADDED ENTRY--TOPICAL TERM
Topical Term Rubebr vulcanization
942 ## - ADDED ENTRY ELEMENTS (KOHA)
Koha item type Standards
Holdings
Withdrawn status Lost status Damaged status Not for loan Home library Current library Date acquired Koha item type
      Standards RRII Library RRII Library 31/12/2021 Standards